| 000 | 00500cam a2200205ua 4500 | ||
|---|---|---|---|
| 001 | 489 | ||
| 008 | 141125n ii |||gr||||Z||||||asm | ||
| 020 | _a81-7206-060 | ||
| 040 | _cMAIN | ||
| 041 | _aasm | ||
| 082 | _a300 | ||
| 245 |
_aSamajik gavesanar paddhwatee _cby Dhiren Hazarika |
||
| 250 | _a1st. | ||
| 260 |
_aGuwahati: _bbani mandir, _c2002. |
||
| 300 | _a279p:5cm. | ||
| 653 | _aSocial sciences | ||
| 653 | _aSamajik govesona tatta | ||
| 700 |
_aHazarika, Dhiren., _eAuthor. |
||
| 942 | _cBK | ||
| 999 |
_c430 _d430 |
||